000 00500cam a22001457a 4500
999 _c507682
_d507682
008 180718b-- xxu||||| |||| 00| 0 eng d
082 _aL806x5422 F
245 _aFinance accounts, Madhya Pradesh
260 _aBhopal
_bComptroller and Auditor General of India
_c--
300 _av.p.
500 _aLibrary has 1994/95, 1996/97-2010/11
650 _aFinance, Public - Auditing - India - Madhya Pradesh
_92231
700 _aMadhya Pradesh. Comptroller and Auditor General of India
_92232
942 _2ddc